00810nam a2200205 a 450000100100000000500170001000800410002704000250006808200150009310000290010824501370013725000240027426000580029830000200035650000620037650400270043804900090046595201130047499900170058700002194220200930011520.0100915s1999 dr 000 0 spa d aDO-SdBNPbspacBNPHU axxxbG993o1 aGuzmán, Avelino94552910aOcupación militar noteamericana 1916-1924 :baspecto jurídico de la Convención Dominico-americana de 1907 /cAvelino Guzmán. a2a ed. corr. y amp. aSantiago, República Dominicana :bTeófilo,c1999. a81 p. ;c22 cm. aIncluye datos biográficos del autor en la contraportada aBibliografía : 80-81 aBNPD 0010718PDaPDbPDcCTd2010-09-15iLF1l0oxxx G993op21942-10r2020-06-25w2020-06-25yLFPDZNo se presta c21440d21440